Koncepčný návrh hybridého pohonu teleskopického rýpadla UDS 214

Salvato in:
Dettagli Bibliografici
Autore principale: Kanyicska, Bálint (Autore)
Altri autori: Mazurkievič, Izidor (Relatore della tesi)
Natura: Manoscritto Libro
Lingua:slovacco
Pubblicazione: 2020
Soggetti:
Accesso online:http://is.stuba.sk/zp/portal_zp.pl?podrobnosti=150577
Tags: Aggiungi Tag
Nessun Tag, puoi essere il primo ad aggiungerne!!

MARC

LEADER 00000ntm a22000003a 4500
001 stuzp80394
003 SK-STU
005 20200711211011.0
007 ta
008 150427s2015----xo-----f-mn---000-0-slo-d
040 |a STU  |b slo 
041 0 |a slo 
100 1 |a Kanyicska, Bálint  |u 020030  |k Z4  |4 aut  |U SjF Strojnícka fakulta  |T SjF Ústav dopravnej techniky a konštruovania  |X 81403  |U J0030  |Y 806  |7 81403 
242 0 1 |a Conceptual design of hybrid drive UDS 214 telescopic excavator  |y eng 
245 1 0 |a Koncepčný návrh hybridého pohonu teleskopického rýpadla UDS 214 
260 |c 2020 
650 4 |a electric motor  |2 eng 
650 4 |a telescopic excavator  |2 eng 
650 4 |a electric slip ring assembly  |2 eng 
650 4 |a battery box  |2 eng 
650 4 |a hybrid excavator  |2 eng 
650 4 |a hybrid drive  |2 eng 
650 4 |a batériový blok  |2 slo 
650 4 |a elektrický otočný prevádzač  |2 slo 
650 4 |a elektromotor  |2 slo 
650 4 |a hybridné rýpadlo  |2 slo 
650 4 |a hybridný pohon  |2 slo 
650 4 |a teleskopické rýpadlo  |2 slo 
700 1 |a Mazurkievič, Izidor  |4 ths  |X 3513  |7 A000003513 
856 4 |u http://is.stuba.sk/zp/portal_zp.pl?podrobnosti=150577